000 00568nam a2200217Ia 4500
003 OSt
005 20221005121751.0
006 a|||||r|||| 00| 0
007 ta
008 221004b |||||||| |||| 00| 0 rus d
024 _a47252
037 _cTextual
040 _aCRL
_cCRL
_brus
041 _2rus
_arus
082 _aO142:g, 31M7
100 _aSundara vadivelu
_9631120
245 0 _aIlakkiyam kozhipum soviet vondrium
650 _aRUSSIAN LITERATURE
942 _hO142:g, 31M7
_cTEXL
_2cc
999 _c1042207
_d1042207